[Event "Ghent Eastman op 41st"]
[Site "Ghent"]
[Date "2018.07.16"]
[Round "6"]
[White "Zhurov, Sergey"]
[Black "Kok, Cas"]
[Result "1-0"]
[WhiteElo "2312"]
[BlackElo "2031"]
[PlyCount "109"]
[EventDate "2018.07.14"]
[EventType "swiss"]
[EventRounds "9"]
[EventCountry "BEL"]
[SourceTitle "CBM 185 Extra"]
[Source "ChessBase"]
[SourceDate "2018.07.29"]
[SourceVersion "1"]
[SourceVersionDate "2018.07.29"]
[SourceQuality "1"]

1. e4 e5 2. Nf3 Nc6 3. d4 exd4 4. Nxd4 Nf6 5. Nxc6 bxc6 6. e5 Qe7 7. Qe2 Nd5 8. h4 a5 9. Nd2 Ba6 10. Qe4 Bxf1 11. Kxf1 Qe6 12. c4 Nb6 13. b3 Bb4 14. Qe3 a4 15. Bb2 axb3 16. axb3 Rxa1+ 17. Bxa1 d5 18. Bc3 c5 19. Bxb4 cxb4 20. Qc5 dxc4 21. bxc4 Qg4 22. Kg1 Qd1+ 23. Nf1 Nd7 24. Qxb4 c5 25. Qc3 Qd4 26. Qxd4 cxd4 27. f4 Ke7 28. Rh3 Rc8 29. Nd2 Nb6 30. Rd3 Nxc4 31. Rxd4 Nxd2 32. Rxd2 f6 33. Re2 fxe5 34. Rxe5+ Kf6 35. Kh2 g6 36. h5 gxh5 37. Rxh5 Kg6 38. Rg5+ Kf6 39. Kh3 Rc4 40. Kg4 Ra4 41. g3 Ra6 42. Kh5 Ra1 43. Rb5 Rh1+ 44. Kg4 Ra1 45. Rb6+ Kg7 46. Kg5 Ra7 47. g4 Rc7 48. f5 Ra7 49. Kh5 Ra1 50. Rb7+ Kf6 51. g5+ Kxf5 52. Rf7+ Ke5 53. Rxh7 Ra6 54. Rf7 Rb6 55. g6 1-0

[Event "Leiden LCT op-A 11th"]
[Site "Leiden"]
[Date "2017.07.20"]
[Round "6"]
[White "Kok, Cas"]
[Black "Thakoerdien, Jerrel"]
[Result "0-1"]
[WhiteElo "1937"]
[BlackElo "2193"]
[PlyCount "132"]
[EventDate "2017.07.14"]
[EventType "swiss"]
[EventRounds "9"]
[EventCountry "NED"]
[SourceTitle "EXT 2018"]
[Source "ChessBase"]
[SourceDate "2017.10.13"]
[SourceVersion "1"]
[SourceVersionDate "2017.10.13"]
[SourceQuality "1"]

1. d4 Nf6 2. c4 c5 3. d5 g6 4. Nc3 Bg7 5. Nf3 0-0 6. e4 d6 7. h3 e6 8. Bd3 exd5 9. cxd5 Nh5 10. Bg5 Bf6 11. Be3 Nd7 12. 0-0 a6 13. a4 Re8 14. Re1 Ne5 15. Be2 Nxf3+ 16. Bxf3 Ng7 17. Qd2 Rb8 18. Be2 Bd7 19. Bd3 b5 20. axb5 axb5 21. f4 b4 22. Nd1 Bb5 23. Bxb5 Rxb5 24. Qd3 Qb6 25. Bf2 Ra5 26. Ne3 Rxa1 27. Rxa1 Nh5 28. g3 Qc7 29. Nc4 Qd7 30. Kh2 Qe7 31. Re1 Bg7 32. e5 dxe5 33. fxe5 Qc7 34. Qe3 Nf6 35. d6 Qb7 36. Qxc5 Nd7 37. Qd4 Qf3 38. Qf4 Qc6 39. Rc1 Qd5 40. Qd4 Qe6 41. Qg4 Qxg4 42. hxg4 Rc8 43. Be3 b3 44. Na5 Rxc1 45. Bxc1 Bxe5 46. Nxb3 Bxd6 47. Bf4 Be5 48. Bxe5 Nxe5 49. Nc5 Nxg4+ 50. Kh3 Ne5 51. b4 Nc4 52. b5 Nb6 53. Kg4 f6 54. Kf4 Kf7 55. Ke4 Ke7 56. Nd3 Kd6 57. g4 Nd5 58. Kd4 h6 59. Ke4 Nc3+ 60. Kf3 Nxb5 61. Nf4 g5 62. Nh5 Ke5 63. Ng3 Nd4+ 64. Ke3 f5 65. Kf2 fxg4 66. Kg2 Ne6 0-1

[Event "Leiden LCT op-A 11th"]
[Site "Leiden"]
[Date "2017.07.18"]
[Round "5"]
[White "Lai, Hing Ting"]
[Black "Kok, Cas"]
[Result "1-0"]
[WhiteElo "2393"]
[BlackElo "1937"]
[PlyCount "63"]
[EventDate "2017.07.14"]
[EventType "swiss"]
[EventRounds "9"]
[EventCountry "NED"]
[SourceTitle "EXT 2018"]
[Source "ChessBase"]
[SourceDate "2017.10.13"]
[SourceVersion "1"]
[SourceVersionDate "2017.10.13"]
[SourceQuality "1"]

1. c4 c5 2. Nc3 Nc6 3. g3 g6 4. Bg2 Bg7 5. Nf3 e6 6. a3 Nge7 7. b4 Nxb4 8. axb4 cxb4 9. Qc2 bxc3 10. d4 0-0 11. Ba3 Re8 12. 0-0 d5 13. Qxc3 Nc6 14. Rfd1 Qc7 15. Qd3 e5 16. cxd5 Nxd4 17. d6 Qc2 18. Nxd4 Qxd3 19. exd3 exd4 20. Bc5 Bf8 21. Ra4 Bg7 22. Rb1 Bd7 23. Ra5 Re5 24. f4 Re2 25. Bxb7 Rae8 26. Be4 Rc2 27. Bxa7 Bf8 28. Rd5 f5 29. Bh1 Ree2 30. Bxd4 Bc6 31. d7 Bxd5 32. Bxd5+ 1-0

[Event "Leiden LCT op-A 11th"]
[Site "Leiden"]
[Date "2017.07.15"]
[Round "2"]
[White "Van Delft, Merijn"]
[Black "Kok, Cas"]
[Result "1-0"]
[WhiteElo "2384"]
[BlackElo "1937"]
[PlyCount "49"]
[EventDate "2017.07.14"]
[EventType "swiss"]
[EventRounds "9"]
[EventCountry "NED"]
[SourceTitle "EXT 2018"]
[Source "ChessBase"]
[SourceDate "2017.10.13"]
[SourceVersion "1"]
[SourceVersionDate "2017.10.13"]
[SourceQuality "1"]

1. e4 e5 2. Nf3 Nc6 3. Bb5 a6 4. Ba4 d6 5. c3 Bd7 6. d4 Nf6 7. Nbd2 b5 8. Bb3 Be7 9. 0-0 0-0 10. h3 h6 11. Re1 Re8 12. Nf1 Bf8 13. Ng3 Na5 14. Bc2 g6 15. b3 c5 16. Be3 Qc7 17. Qd2 Kh7 18. d5 c4 19. b4 Nb7 20. a4 a5 21. axb5 Bxb5 22. Rab1 Reb8 23. Rb2 axb4 24. Rxb4 Nd7 25. Rxb5 1-0

[Event "Leiden Noteboom Memorial 75th"]
[Site "Leiden"]
[Date "2015.02.14"]
[Round "3"]
[White "Schroer, Marcel"]
[Black "Kok, Cas"]
[Result "0-1"]
[WhiteElo "2228"]
[BlackElo "1960"]
[PlyCount "76"]
[EventDate "2015.02.13"]
[EventType "swiss"]
[EventRounds "6"]
[EventCountry "NED"]
[SourceTitle "CBM 164 Extra"]
[Source "ChessBase"]
[SourceDate "2015.03.02"]
[SourceVersion "1"]
[SourceVersionDate "2015.03.02"]
[SourceQuality "1"]

1. d4 Nf6 2. c4 e6 3. g3 d5 4. Nf3 Be7 5. Bg2 0-0 6. 0-0 c6 7. Nbd2 Nbd7 8. Qc2 Re8 9. e4 dxe4 10. Nxe4 Nxe4 11. Qxe4 Nf6 12. Qe2 Bd7 13. Ne5 Rc8 14. c5 b6 15. b4 Nd5 16. Bd2 f6 17. Nc4 b5 18. Ne3 Nxe3 19. Qxe3 e5 20. dxe5 fxe5 21. Bc3 Bf6 22. Rfd1 Qc7 23. Be4 Rcd8 24. Qf3 Rf8 25. Rd6 Be8 26. Qd3 Rxd6 27. cxd6 Qf7 28. Bxh7+ Kh8 29. Be4 Bd8 30. f3 Bb6+ 31. Kg2 Bd7 32. Bxe5 Qh5 33. f4 Qh3+ 34. Kh1 Rf5 35. Qf3 Rh5 36. Qg2 Qe6 37. Bxc6 Rxe5 38. Bxd7 Re1+ 0-1